Valeurs phonetiques des signes hieroglyphiques d'epoque greco-romaine /

محفوظ في:

مؤلف مشترك: Universite Paul Valery (Montpellier III). Institut d'egyptologie.

مؤلفون آخرون: Daumas, Francois, 1915-1984.

التنسيق: كتاب

اللغة: French

منشور في: Montpellier : Universite, 1990.

الموضوعات:

الوسوم: إضافة وسم

لا توجد وسوم, كن أول من يضع وسما على هذه التسجيلة!

رقم الطلب: DT57 .M4 v.4/3-4

LEADER 01032cam a2200265Mi 4500
001 ocn851221676
003 OCoLC
005 20240111090332.0
008 030922s1990 fr 001 0 fre d
020 |a 2905397268 
020 |a 9782905397263 
050 4 |a DT57  |b .M4 v.4/3-4 
245 0 0 |a Valeurs phonetiques des signes hieroglyphiques d'epoque greco-romaine /  |c [(sous la direction de) Francois Daumas ; avec la collaboration de, Hassan Amer ... (et al.) ; avec la participation de, Erich Winter ... (et al.)]. 
264 1 |a Montpellier :  |b Universite,  |c 1990. 
300 |a v. [III] (p. 433-654) ;  |c 28 cm 
336 |a text  |b txt  |2 rdacontent 
337 |a unmediated  |b n  |2 rdamedia 
338 |a volume  |b nc  |2 rdacarrier 
500 |a Precede al title.: Institut d'egyptologie, Universite Paul-Valery. 
500 |a Indices. 
650 4 |a Jeroglificos egipcios. 
650 4 |a Egipcio (Lengua) 
700 1 |a Daumas, Francois,  |d 1915-1984. 
710 2 |a Universite Paul Valery (Montpellier III).  |b Institut d'egyptologie. 
999 |c 55386  |d 55386